Starobné dôchodkové sporenie v SR

Zmysel a opodstatnenosť iného systému zabezpečenia dôchodkov ako priebežného. Súčasné otvorenie druhého piliera znamená, že sporitelia v druhom pilieri môžu zmeniť svoje pôvodné rozhodnutie a odvádzať peniaze už iba do prvého piliera a zároveň poistenci Sociálnej poisťovne môžu presmerovať svoje od...

Ausführliche Beschreibung

Gespeichert in:
Bibliographische Detailangaben
1. Verfasser: Škriniar, Pavel, 1979-
Format: Buchkapitel
Sprache:Slowakisch
Schlagworte:
Tags: Tag hinzufügen
Keine Tags, Fügen Sie das erste Tag hinzu!

MARC

LEADER 00000naa$a2200000$$$4500
001 0091793
005 20240502072026.7
041 0 |a slo 
044 |a SK 
245 1 0 |a Starobné dôchodkové sporenie v SR  |c Pavel Škriniar 
520 |a Zmysel a opodstatnenosť iného systému zabezpečenia dôchodkov ako priebežného. Súčasné otvorenie druhého piliera znamená, že sporitelia v druhom pilieri môžu zmeniť svoje pôvodné rozhodnutie a odvádzať peniaze už iba do prvého piliera a zároveň poistenci Sociálnej poisťovne môžu presmerovať svoje odvody aj do druhého piliera. 
610 2 0 |a sporenie dôchodkové starobné 
610 2 0 |a dôchodcovia 
610 2 0 |a dôchodky starobné 
610 2 0 |a systémy dôchodkové 
100 1 |a Škriniar, Pavel, 1979-